Language Quiz

Random Language or Country Quiz

Countries Connected by Language Quiz Stats

Quiz Updated Jul 14, 2016

Challenge
Share
Tweet
Embed
Score 0/197 Timer 05:00
4 Plays Today
Country Check % Correct
Belize ✓
99.7%
Cameroon ✓
99.7%
Canada ✓
99.7%
Ethiopia ✓
99.7%
South Sudan ✓
99.7%
Sudan ✓
99.7%
Eritrea ✓
99.7%
Rwanda ✓
99.7%
Vanuatu ✓
99.7%
India ✓
99.7%
Palau ✓
99.6%
Singapore ✓
99.6%
Pakistan ✓
99.6%
Kenya ✓
99.6%
Tanzania ✓
99.6%
South Africa ✓
99.6%
Ireland ✓
99.6%
Namibia ✓
99.6%
Fiji ✓
99.6%
Malta ✓
99.6%
Mauritius ✓
99.5%
New Zealand ✓
99.5%
Papua New Guinea ✓
99.5%
Philippines ✓
99.6%
Seychelles ✓
99.5%
Antigua and Barbuda ✓
99.5%
Australia ✓
99.5%
Bahamas ✓
99.5%
Barbados ✓
99.5%
Botswana ✓
99.5%
Equatorial Guinea ✓
99.5%
Kiribati ✓
99.5%
Lesotho ✓
99.5%
Malawi  ✓
99.5%
Marshall Islands ✓
99.5%
Sierra Leone ✓
99.5%
Tonga ✓
99.5%
Tuvalu  ✓
99.5%
Zambia ✓
99.5%
Zimbabwe ✓
99.5%
Dominica ✓
99.5%
Ghana ✓
99.5%
Grenada ✓
99.5%
Guyana ✓
99.5%
Jamaica ✓
99.5%
Liberia ✓
99.5%
Micronesia ✓
99.5%
Nigeria ✓
99.5%
Saint Kitts and Nevis ✓
99.5%
Saint Lucia ✓
99.5%
St. Vin. and the Gren. ✓
99.5%
Solomon Islands ✓
99.5%
Swaziland ✓
99.5%
The Gambia ✓
99.5%
Trinidad and Tobago ✓
99.5%
Uganda ✓
99.5%
United Kingdom ✓
99.5%
United States ✓
99.5%
Nauru ✓
99.5%
Switzerland ✓
99.3%
Chad ✓
99.3%
Comoros ✓
99.3%
Djibouti ✓
99.3%
Belgium ✓
99.2%
Argentina ✓
99.2%
Bolivia ✓
99.2%
Country Check % Correct
Chile ✓
99.2%
Colombia ✓
99.2%
Cuba ✓
99.2%
Dominican Republic ✓
99.2%
Ecuador ✓
99.2%
El Salvador ✓
99.2%
Guatemala ✓
99.2%
Luxembourg ✓
99.2%
Panama ✓
99.2%
Paraguay ✓
99.2%
Peru ✓
99.2%
Uruguay ✓
99.2%
Venezuela ✓
99.2%
Costa Rica ✓
99.2%
Honduras ✓
99.2%
Mexico ✓
99.2%
Nicaragua ✓
99.2%
Spain ✓
99.2%
Dem. Rep. of the Congo ✓
98.9%
Haiti ✓
98.7%
Benin ✓
98.6%
Burundi ✓
98.6%
Madagascar ✓
98.6%
Republic of the Congo ✓
98.6%
Burkina Faso ✓
98.6%
Central African Republic ✓
98.6%
Cote d'Ivoire ✓
98.6%
France ✓
98.6%
Gabon ✓
98.6%
Guinea ✓
98.6%
Mali ✓
98.6%
Monaco ✓
98.6%
Niger ✓
98.6%
Senegal ✓
98.6%
Togo ✓
98.6%
China ✓
97.4%
Taiwan ✓
97.4%
Austria ✓
97.3%
Germany ✓
96.5%
Liechtenstein ✓
96.5%
Israel ✓
95.3%
Kazakhstan ✓
95.1%
Kyrgyzstan ✓
95%
Belarus ✓
94.9%
Somalia ✓
94.8%
Russia ✓
94.7%
Vatican City ✓
94.6%
Iraq ✓
93.9%
Maldives ✓
93.8%
Algeria ✓
93.7%
Bahrain ✓
93.7%
Egypt ✓
93.7%
Jordan ✓
93.7%
Kuwait ✓
93.7%
Lebanon ✓
93.7%
Libya  ✓
93.7%
Mauritania ✓
93.7%
Morocco ✓
93.7%
Oman ✓
93.7%
Qatar ✓
93.7%
Saudi Arabia ✓
93.7%
Syria ✓
93.7%
Tunisia ✓
93.7%
United Arab Emirates ✓
93.7%
Yemen ✓
93.7%
Palestine ✓
93.7%
Country Check % Correct
Italy ✓
93.4%
San Marino ✓
93.4%
Cyprus ✓
92.6%
Japan ✓
91.8%
Angola ✓
91.3%
Brazil ✓
91.3%
Cabo Verde ✓
91.3%
Portugal ✓
91.3%
Guinea-Bissau ✓
91.3%
Mozambique ✓
91.3%
São Tomé and Príncipe ✓
91.3%
Timor-Leste ✓
91.3%
Finland ✓
90.6%
North Korea ✓
89.4%
South Korea ✓
89.4%
Sweden ✓
85.8%
Netherlands ✓
85.2%
Suriname ✓
85.2%
Turkey ✓
85.2%
Greece ✓
84.7%
Kosovo ✓
83.7%
Poland ✓
80.5%
Czech Republic ✓
80.4%
Bosnia and Herzegovina ✓
80.3%
Denmark ✓
80%
Macedonia ✓
79.3%
Latvia ✓
76.9%
Thailand ✓
76.9%
Hungary ✓
76.5%
Vietnam ✓
76.4%
Norway ✓
75.8%
Romania ✓
75.3%
Croatia ✓
74.5%
Bulgaria ✓
74%
Albania ✓
73%
Montenegro ✓
72.1%
Serbia ✓
71.7%
Slovakia ✓
71%
Estonia ✓
70.3%
Lithuania ✓
69.7%
Indonesia ✓
68%
Malaysia ✓
67.8%
Brunei ✓
67.6%
Iceland ✓
67.5%
Afghanistan ✓
66.4%
Mongolia ✓
65.8%
Georgia ✓
64.8%
Iran ✓
64.1%
Armenia ✓
64%
Slovenia ✓
63.8%
Ukraine ✓
63.7%
Laos ✓
60.9%
Samoa ✓
58.8%
Bangladesh ✓
54.4%
Uzbekistan ✓
52.8%
Tajikistan ✓
50%
Moldova ✓
49.3%
Myanmar ✓
45.2%
Turkmenistan ✓
44.9%
Azerbaijan ✓
43%
Nepal ✓
37.2%
Sri Lanka ✓
34.1%
Andorra ✓
33.8%
Cambodia ✓
26.8%
Bhutan ✓
10.9%

You're not logged in!

Compare scores with friends on all Sporcle quizzes.
Join for Free
OR
Log In

You Might Also Like...

Show Comments

Extras

Top Quizzes Today


Score Distribution

Your Account Isn't Verified!

In order to create a playlist on Sporcle, you need to verify the email address you used during registration. Go to your Sporcle Settings to finish the process.

Report this User

Report this user for behavior that violates our Community Guidelines.

Details: